000 00809nam a2200313Ia 4500
001 12206
005 20240113235346.0
007 ta
008 051006s1969 a g b000 u eng u
020 _cPB
040 _aCotton College,Assam
041 _aeng
082 _a934
_bR 812 St
100 _aRoy, U.N. .
245 0 _aStudies in Ancient Indian History and Culture Vol. 1 /
_cU.N. Roy.
_hTextual Documents
250 _a1st ed. /
260 _aAllahabad :
_bLokbharti Publications ,
_c1969.
300 _a266p. :
_bill. ;
_c22cm .
504 _aIndex
653 _aIndian History
653 _aHistory-India
653 _aAncient History
653 _aG-History
653 _aIndian Culture
942 _2ddc
_cBK
999 _c12193
_d12193